000
00264nam a22001217a 4500
020
_a
0-87203100-6
082
_a
621.4025 REE'F
100
_a
REED, ROBERT D
_9
77954
245
_a
FURNACE OPERATIONS
260
_a
TEXAS
_b
GULF
_c
1973
300
_a
216P
942
_c
BK
999
_c
583123
_d
583123